[Event "Wch Blitz"]
[Site "Samarkand"]
[Date "2023.12.30"]
[Round "12"]
[White "Tomashevsky, Evgeny"]
[Black "Gukesh, Dommaraju"]
[Result "1-0"]
[WhiteElo "2681"]
[BlackElo "2720"]
[PlyCount "53"]
[EventDate "2023.12.29"]
[EventType "swiss (blitz)"]
[EventRounds "21"]
[EventCountry "UZB"]
[SourceTitle "CB01_2024"]
[SourceDate "2024.01.03"]
[SourceVersion "1"]
[SourceVersionDate "2024.01.03"]
[SourceQuality "1"]

1. e4 c6 2. Nf3 d5 3. d3 Qc7 4. Nc3 dxe4 5. dxe4 e5 6. Bc4 b5 7. Bb3 h6 8. Qe2 Nf6 9. a4 b4 10. Nd1 Nbd7 11. Ne3 Nc5 12. Nc4 Ba6 13. Nfxe5 0-0-0 14. Bf4 g5 15. Bg3 Nfxe4 16. 0-0 Nxg3 17. fxg3 Rh7 18. Qg4+ Kb8 19. Rad1 Rxd1 20. Rxd1 Nxb3 21. Nd7+ Ka8 22. Nxf8 Rh8 23. Rd7 Qc8 24. cxb3 Rxf8 25. Nd6 f5 26. Rxa7+ Kb8 27. Qxb4+ 1-0

[Event "Wch Blitz"]
[Site "Samarkand"]
[Date "2023.12.29"]
[Round "2"]
[White "Haldorsen, Benjamin"]
[Black "Tomashevsky, Evgeny"]
[Result "1/2-1/2"]
[WhiteElo "2445"]
[BlackElo "2681"]
[PlyCount "116"]
[EventDate "2023.12.29"]
[EventType "swiss (blitz)"]
[EventRounds "21"]
[EventCountry "UZB"]
[SourceTitle "CB01_2024"]
[SourceDate "2024.01.03"]
[SourceVersion "1"]
[SourceVersionDate "2024.01.03"]
[SourceQuality "1"]

1. e4 e5 2. Nf3 Nc6 3. d4 exd4 4. Nxd4 Nf6 5. Nxc6 bxc6 6. Nd2 d5 7. exd5 cxd5 8. Bb5+ Bd7 9. Bxd7+ Qxd7 10. 0-0 Be7 11. b3 0-0 12. Bb2 Ng4 13. h3 Bf6 14. Bxf6 Nxf6 15. Qf3 a5 16. a4 Rfe8 17. Rfe1 h6 18. Qd3 Qd6 19. Nf3 Qb4 20. Re5 Rxe5 21. Nxe5 Re8 22. Nf3 c5 23. Qd2 Qxd2 24. Nxd2 Kf8 25. Kf1 Rb8 26. Rd1 Ke7 27. Ke2 Ke6 28. Kd3 Nd7 29. Kc3 Ne5 30. f4 Nc6 31. Nf3 Rb4 32. g3 Re4 33. Re1 f5 34. Kd2 d4 35. c3 Kd5 36. c4+ Ke6 37. Kd1 Nb4 38. Nd2 Rxe1+ 39. Kxe1 g5 40. Ke2 gxf4 41. gxf4 Nc2 42. Nf3 Ne3 43. Ne5 Ng2 44. Kf3 Ne1+ 45. Ke2 Ng2 46. Kf3 Ne3 47. Nc6 Kd6 48. Nxa5 Kc7 49. b4 cxb4 50. Nb3 Nxc4 51. Nxd4 Nd6 52. Ke3 Kb6 53. Nb3 Nc4+ 54. Kd4 Na5 55. Nd2 Kc6 56. Nc4 Nb3+ 57. Ke5 Kc5 58. Nb2 Na5 1/2-1/2

[Event "Wch Blitz"]
[Site "Samarkand"]
[Date "2023.12.29"]
[Round "6"]
[White "Narayanan, Sunilduth Lyna"]
[Black "Tomashevsky, Evgeny"]
[Result "1/2-1/2"]
[WhiteElo "2677"]
[BlackElo "2681"]
[PlyCount "205"]
[EventDate "2023.12.29"]
[EventType "swiss (blitz)"]
[EventRounds "21"]
[EventCountry "UZB"]
[SourceTitle "CB01_2024"]
[SourceDate "2024.01.03"]
[SourceVersion "1"]
[SourceVersionDate "2024.01.03"]
[SourceQuality "1"]

1. e4 e5 2. Nf3 Nc6 3. Bb5 a6 4. Ba4 Nf6 5. d3 d6 6. c3 g6 7. Bg5 Bg7 8. Nbd2 h6 9. Bh4 0-0 10. Nf1 Bd7 11. Ne3 Qe8 12. Bxf6 Bxf6 13. h4 Ne7 14. Bxd7 Qxd7 15. h5 g5 16. Nd2 Bg7 17. g4 c6 18. Ndf1 d5 19. Ng3 Rfd8 20. Qe2 Qe6 21. Ngf5 Nxf5 22. Nxf5 Bf8 23. 0-0 Rd7 24. Rfe1 Rad8 25. exd5 Rxd5 26. d4 exd4 27. Qxe6 fxe6 28. Nxd4 e5 29. Nf3 Bg7 30. Re2 Rf8 31. Nd2 Rf4 32. f3 e4 33. Nxe4 Rxf3 34. Rf1 Rxf1+ 35. Kxf1 Kf7 36. Kf2 Be5 37. Re1 Bf4 38. c4 Rd4 39. b3 b5 40. cxb5 cxb5 41. Re2 a5 42. Nc3 b4 43. Ne4 Bc7 44. Ke3 Bb6 45. Rf2+ Ke7 46. Rf5 Rd1+ 47. Ke2 Ra1 48. Rf6 Rxa2+ 49. Kd3 Bc7 50. Rxh6 Bf4 51. Rb6 Rh2 52. h6 Rh4 53. Nf6 Kf7 54. Nh5 Rxg4 55. Rb7+ Kg6 56. h7 Be5 57. Rb5 Bc3 58. Rc5 Bh8 59. Rc8 Ba1 60. Rc1 Bb2 61. Rc2 Be5 62. Rc5 Bh8 63. Rc8 Bg7 64. Nxg7 Rg3+ 65. Kd4 Kxh7 66. Ne6 Rxb3 67. Nxg5+ Kg6 68. Ne4 a4 69. Nc5 Rc3 70. Rb8 a3 71. Rxb4 a2 72. Ra4 Rc2 73. Ne4 Kf5 74. Nc3 Rh2 75. Kd3 Ke5 76. Nxa2 Rh3+ 77. Kc2 Rh2+ 78. Kb3 Rh3+ 79. Nc3 Rf3 80. Re4+ Kf5 81. Re1 Kf4 82. Kc4 Kf5 83. Kd4 Rf4+ 84. Kd5 Rf2 85. Nb5 Rd2+ 86. Nd4+ Kf6 87. Re6+ Kf7 88. Ra6 Rd1 89. Rb6 Ke7 90. Rb2 Kf6 91. Rf2+ Ke7 92. Rf3 Rd2 93. Ke5 Rd1 94. Nf5+ Kd7 95. Rh3 Re1+ 96. Kf6 Re6+ 97. Kf7 Re1 98. Rd3+ Kc6 99. Kf6 Kc5 100. Ne3 Rh1 101. Ke5 Rh5+ 102. Nf5 Kc4 103. Ke4 1/2-1/2

[Event "Wch Blitz"]
[Site "Samarkand"]
[Date "2023.12.29"]
[Round "8"]
[White "Vokhidov, Shamsiddin"]
[Black "Tomashevsky, Evgeny"]
[Result "1/2-1/2"]
[WhiteElo "2596"]
[BlackElo "2681"]
[PlyCount "60"]
[EventDate "2023.12.29"]
[EventType "swiss (blitz)"]
[EventRounds "21"]
[EventCountry "UZB"]
[SourceTitle "CB01_2024"]
[SourceDate "2024.01.03"]
[SourceVersion "1"]
[SourceVersionDate "2024.01.03"]
[SourceQuality "1"]

1. e4 e5 2. Nf3 Nc6 3. Bb5 a6 4. Ba4 Nf6 5. 0-0 Be7 6. Re1 b5 7. Bb3 0-0 8. a4 b4 9. a5 d6 10. c3 Rb8 11. Bc4 h6 12. h3 Be6 13. Bxa6 Ra8 14. Qe2 Qb8 15. d4 exd4 16. Nxd4 Nxd4 17. cxd4 Nxe4 18. Nd2 Nf6 19. Bc4 Bxc4 20. Qxc4 d5 21. Qc6 Bd6 22. Nb3 Qa7 23. Be3 Qa6 24. Rec1 Qxc6 25. Rxc6 Rfb8 26. Bd2 Kf8 27. Re1 Ne4 28. Bc1 Ke7 29. f3 Kd7 30. Rc2 Ng5 1/2-1/2

[Event "Wch Rapid"]
[Site "Samarkand"]
[Date "2023.12.27"]
[Round "7"]
[White "Xue, Haowen"]
[Black "Tomashevsky, Evgeny"]
[Result "1/2-1/2"]
[WhiteElo "2455"]
[BlackElo "2681"]
[PlyCount "72"]
[EventDate "2023.12.26"]
[EventType "swiss (rapid)"]
[EventRounds "13"]
[EventCountry "UZB"]
[SourceTitle "CB01_2024"]
[SourceDate "2024.01.03"]
[SourceVersion "1"]
[SourceVersionDate "2024.01.03"]
[SourceQuality "1"]

1. d4 Nf6 2. Nf3 d5 3. g3 Bf5 4. Bg2 e6 5. Nh4 Bg4 6. h3 Bh5 7. g4 Nfd7 8. gxh5 Qxh4 9. c4 Nc6 10. cxd5 exd5 11. Bxd5 Bb4+ 12. Nc3 Qxd4 13. Be3 Bxc3+ 14. bxc3 Qxc3+ 15. Kf1 0-0-0 16. Rc1 Qa5 17. Qb3 Nb6 18. Bxc6 bxc6 19. Qxf7 Rd7 20. Qe6 Qxh5 21. Qxc6 Rhd8 22. Kg2 Qd5+ 23. Qxd5 Nxd5 24. Bxa7 Nf4+ 25. Kh2 Nxe2 26. Rc4 Nd4 27. Rb1 Nf3+ 28. Kg2 Rf7 29. Rb8+ Kd7 30. Rb7 Ke6 31. Re4+ Kd5 32. Rg4 Kc6 33. Rb3 Ne5 34. Re4 Rd5 35. Rc3+ Kd7 36. Be3 Rf5 1/2-1/2

[Event "Wch Rapid"]
[Site "Samarkand"]
[Date "2023.12.26"]
[Round "3"]
[White "Sychev, Klementy"]
[Black "Tomashevsky, Evgeny"]
[Result "1/2-1/2"]
[WhiteElo "2542"]
[BlackElo "2681"]
[PlyCount "49"]
[EventDate "2023.12.26"]
[EventType "swiss (rapid)"]
[EventRounds "13"]
[EventCountry "UZB"]
[SourceTitle "CB01_2024"]
[SourceDate "2024.01.03"]
[SourceVersion "1"]
[SourceVersionDate "2024.01.03"]
[SourceQuality "1"]

1. e4 e5 2. Nf3 Nc6 3. d4 exd4 4. Nxd4 Nf6 5. Nxc6 bxc6 6. e5 Qe7 7. Qe2 Nd5 8. g3 g6 9. c4 Ba6 10. Bg2 Bg7 11. 0-0 0-0 12. Qc2 Nb6 13. Re1 Bxc4 14. b3 Bd5 15. Ba3 d6 16. Nc3 Qd7 17. Nxd5 cxd5 18. Rac1 Rfe8 19. exd6 cxd6 20. Qd3 Rxe1+ 21. Rxe1 Rc8 22. Bxd5 Nxd5 23. Qxd5 h5 24. Qxd6 Qf5 25. Qf4 1/2-1/2

[Event "Moscow Chess Stars 3.0 Blitz"]
[Site "Moscow"]
[Date "2023.12.19"]
[Round "17"]
[White "Sadhwani, Raunak"]
[Black "Tomashevsky, Evgeny"]
[Result "1/2-1/2"]
[WhiteElo "2654"]
[BlackElo "2681"]
[PlyCount "34"]
[EventDate "2023.12.18"]
[EventType "tourn (blitz)"]
[EventRounds "18"]
[EventCountry "RUS"]
[EventCategory "17"]
[SourceTitle "CB52_2023"]
[SourceDate "2023.12.27"]
[SourceVersion "1"]
[SourceVersionDate "2023.12.27"]
[SourceQuality "1"]

1. e4 e5 2. Nf3 Nc6 3. Bb5 a6 4. Ba4 Nf6 5. d3 d6 6. c3 g6 7. 0-0 Bg7 8. Re1 0-0 9. Nbd2 Re8 10. Nf1 h6 11. Ng3 b5 12. Bc2 d5 13. d4 dxe4 14. Nxe5 Nxe5 15. dxe5 Qxd1 16. Rxd1 Rxe5 17. Bf4 Re8 1/2-1/2

[Event "Moscow Chess Stars 3.0 Blitz"]
[Site "Moscow"]
[Date "2023.12.18"]
[Round "4"]
[White "Tomashevsky, Evgeny"]
[Black "Grischuk, Alexander"]
[Result "0-1"]
[WhiteElo "2681"]
[BlackElo "2732"]
[PlyCount "66"]
[EventDate "2023.12.18"]
[EventType "tourn (blitz)"]
[EventRounds "18"]
[EventCountry "RUS"]
[EventCategory "17"]
[SourceTitle "CB51_2023"]
[SourceDate "2023.12.20"]
[SourceVersion "1"]
[SourceVersionDate "2023.12.20"]
[SourceQuality "1"]

1. c4 Nf6 2. Nf3 c6 3. g3 d5 4. Bg2 dxc4 5. 0-0 Nbd7 6. a4 e5 7. Na3 Bxa3 8. bxa3 0-0 9. Qc2 Re8 10. Bb2 e4 11. Ng5 Qe7 12. Qxc4 h6 13. Nh3 Nb6 14. Qc2 Nbd5 15. Kh1 Bf5 16. a5 Qe6 17. Ng1 e3 18. Qc1 exf2 19. Rxf2 Rad8 20. Rf1 Bg6 21. Qc4 Ne4 22. Rad1 f6 23. Qb3 Rd7 24. Nf3 c5 25. Nh4 Bh7 26. Qf3 Ng5 27. Qb3 Be4 28. Nf3 Kh8 29. Qb5 b6 30. axb6 axb6 31. a4 Red8 32. Rde1 Nc7 33. Nxg5 hxg5 0-1

[Event "Moscow Chess Stars 3.0 Blitz"]
[Site "Moscow"]
[Date "2023.12.18"]
[Round "6"]
[White "Tomashevsky, Evgeny"]
[Black "Karjakin, Sergey"]
[Result "1-0"]
[WhiteElo "2681"]
[BlackElo "2750"]
[PlyCount "93"]
[EventDate "2023.12.18"]
[EventType "tourn (blitz)"]
[EventRounds "18"]
[EventCountry "RUS"]
[EventCategory "17"]
[SourceTitle "CB51_2023"]
[SourceDate "2023.12.20"]
[SourceVersion "1"]
[SourceVersionDate "2023.12.20"]
[SourceQuality "1"]

1. c4 Nf6 2. Nf3 e6 3. g3 d5 4. Bg2 Be7 5. 0-0 0-0 6. b3 d4 7. e3 c5 8. Ne5 Qc7 9. f4 Nfd7 10. Nxd7 Bxd7 11. e4 b5 12. d3 bxc4 13. bxc4 Bc6 14. Nd2 Nd7 15. e5 Rab8 16. Ne4 Rb6 17. Qc2 Rfb8 18. Ba3 Qb7 19. h4 Qa6 20. Bc1 Qa4 21. Qe2 Rb1 22. Rxb1 Rxb1 23. h5 h6 24. g4 Ra1 25. a3 Qb3 26. Nf6+ gxf6 27. Bxc6 Ra2 28. Qf3 Qc2 29. Qf2 Qb3 30. Qf3 Nf8 31. exf6 Bxf6 32. Be4 Bh4 33. g5 Qc2 34. Qg2 Qxg2+ 35. Bxg2 Nh7 36. Be4 Rc2 37. g6 Nf6 38. Bf3 fxg6 39. hxg6 Kg7 40. a4 a5 41. Ba3 Rc3 42. Bxc5 Rxd3 43. Bd6 Rc3 44. c5 Nd5 45. Bxd5 exd5 46. f5 d3 47. Be5+ 1-0

[Event "Moscow Chess Stars 3.0 Blitz"]
[Site "Moscow"]
[Date "2023.12.18"]
[Round "7"]
[White "Vallejo Pons, Francisco"]
[Black "Tomashevsky, Evgeny"]
[Result "1/2-1/2"]
[WhiteElo "2667"]
[BlackElo "2681"]
[PlyCount "41"]
[EventDate "2023.12.18"]
[EventType "tourn (blitz)"]
[EventRounds "18"]
[EventCountry "RUS"]
[EventCategory "17"]
[SourceTitle "CB51_2023"]
[SourceDate "2023.12.20"]
[SourceVersion "1"]
[SourceVersionDate "2023.12.20"]
[SourceQuality "1"]

1. e4 e5 2. Nf3 Nc6 3. Bc4 Nf6 4. d3 Bc5 5. c3 d6 6. Bg5 h6 7. Bh4 a5 8. Nbd2 Ba7 9. 0-0 g5 10. Bg3 0-0 11. Re1 Nh7 12. d4 exd4 13. cxd4 Nxd4 14. e5 Bg4 15. exd6 cxd6 16. h3 Bh5 17. Qa4 Nxf3+ 18. Nxf3 Bxf3 19. gxf3 Qf6 20. Kg2 Bd4 21. Bd5 1/2-1/2

[Event "Moscow Chess Stars 3.0 Rapid"]
[Site "Moscow"]
[Date "2023.12.15"]
[Round "4"]
[White "Tomashevsky, Evgeny"]
[Black "Grischuk, Alexander"]
[Result "1/2-1/2"]
[WhiteElo "2681"]
[BlackElo "2732"]
[PlyCount "159"]
[EventDate "2023.12.14"]
[EventType "tourn (rapid)"]
[EventRounds "9"]
[EventCountry "RUS"]
[EventCategory "17"]
[SourceTitle "CB51_2023"]
[SourceDate "2023.12.20"]
[SourceVersion "1"]
[SourceVersionDate "2023.12.20"]
[SourceQuality "1"]

1. e4 c5 2. Nf3 d6 3. Bb5+ Nd7 4. 0-0 a6 5. Bd3 Ngf6 6. Re1 g6 7. c3 Bg7 8. Bc2 0-0 9. d4 e5 10. dxe5 Nxe5 11. Nxe5 dxe5 12. a4 Be6 13. Qxd8 Rfxd8 14. Be3 Rac8 15. f3 c4 16. Rd1 Nd7 17. Na3 Bf8 18. Rd2 Nc5 19. Rad1 Rxd2 20. Rxd2 f5 21. exf5 gxf5 22. Kf1 h5 23. g3 Kf7 24. Ke2 Be7 25. Rd1 Rc6 26. Rf1 Bf6 27. Rd1 Ke7 28. Kf2 Kf7 29. Ke2 Be7 30. Rf1 Ke8 31. Rd1 Kf8 32. Rg1 Nd7 33. Rd1 Kf7 34. Bf2 Nf6 35. a5 h4 36. Ba4 Rc8 37. Nc2 Bc5 38. Ne3 hxg3 39. hxg3 Rh8 40. Ng2 Bxf2 41. Kxf2 Rc8 42. Rd6 Rc5 43. Rb6 Bc8 44. Ne3 Ke7 45. Bc2 Nd5 46. Rh6 Nxe3 47. Kxe3 Rxa5 48. Rb6 Rd5 49. f4 Rd6 50. Rxd6 Kxd6 51. fxe5+ Kxe5 52. Bd1 Be6 53. Bh5 Bd7 54. Bf3 b5 55. Bb7 a5 56. Kd2 b4 57. Ba6 Be6 58. Bb5 Kd6 59. Ke3 Kc5 60. Be8 b3 61. Kd2 Bd5 62. Bd7 Be4 63. Ke3 Kd6 64. Bb5 Kd5 65. Be8 Ke5 66. Bb5 Bd5 67. Bd7 Bf7 68. Bb5 Be6 69. Be8 Kd5 70. Bb5 Ke5 71. Be8 Bg8 72. Bd7 Bd5 73. Be8 Be4 74. Bb5 Kd5 75. Be8 Bc2 76. Bf7+ Kc5 77. Be8 Be4 78. Bd7 Kd6 79. Bb5 Kd5 80. Be8 1/2-1/2

[Event "Moscow Region Group Cup"]
[Site "Moscow"]
[Date "2023.12.02"]
[Round "7"]
[White "Tomashevsky, Evgeny"]
[Black "Grischuk, Alexander"]
[Result "1/2-1/2"]
[WhiteElo "2681"]
[BlackElo "2732"]
[PlyCount "87"]
[EventDate "2023.12.01"]
[EventType "tourn (rapid)"]
[EventRounds "14"]
[EventCountry "RUS"]
[EventCategory "17"]
[SourceTitle "CB49_2023"]
[SourceDate "2023.12.06"]
[SourceVersion "1"]
[SourceVersionDate "2023.12.06"]
[SourceQuality "1"]

1. Nf3 d5 2. e3 Nf6 3. c4 e6 4. Nc3 c6 5. d4 Nbd7 6. Qc2 Bd6 7. Bd3 0-0 8. 0-0 dxc4 9. Bxc4 e5 10. h3 Qe7 11. Bb3 Bb8 12. Bd2 h6 13. Nh4 Rd8 14. Nf5 Qf8 15. Rad1 exd4 16. exd4 Nb6 17. Rfe1 Nbd5 18. Bxd5 cxd5 19. Ne7+ Kh8 20. Nxc8 Rxc8 21. Qf5 Qd8 22. g3 Bc7 23. Nb5 Kg8 24. Bb4 Ne4 25. Nc3 Nxc3 26. bxc3 g6 27. Qf3 Bd6 28. Qxd5 Bxb4 29. Qxd8+ Rxd8 30. cxb4 Kf8 31. Re5 Rac8 32. Rc5 b6 33. Rxc8 Rxc8 34. Rd3 Ke7 35. Kg2 Kd6 36. d5 Rc4 37. a3 h5 38. h4 a5 39. bxa5 bxa5 40. Kf3 Ra4 41. Ke3 Rc4 42. Kf3 Ra4 43. Ke3 Rc4 44. Kf3 1/2-1/2

[Event "Moscow Region Group Cup"]
[Site "Moscow"]
[Date "2023.12.01"]
[Round "2"]
[White "Goryachkina, Aleksandra"]
[Black "Tomashevsky, Evgeny"]
[Result "1/2-1/2"]
[WhiteElo "2567"]
[BlackElo "2681"]
[PlyCount "36"]
[EventDate "2023.12.01"]
[EventType "tourn (rapid)"]
[EventRounds "14"]
[EventCountry "RUS"]
[EventCategory "17"]
[SourceTitle "CB49_2023"]
[SourceDate "2023.12.06"]
[SourceVersion "1"]
[SourceVersionDate "2023.12.06"]
[SourceQuality "1"]

1. d4 d5 2. c4 c6 3. cxd5 cxd5 4. Bf4 Nc6 5. e3 Nf6 6. Bd3 Bg4 7. f3 Bh5 8. Qb3 Qd7 9. Bb5 e6 10. Nc3 Be7 11. Rc1 Rc8 12. Na4 0-0 13. Nc5 Bxc5 14. Rxc5 a6 15. Bxc6 Rxc6 16. Rxc6 Qxc6 17. Ne2 Rc8 18. Kd2 Qd7 1/2-1/2

[Event "AI Cup Div 3 W"]
[Site "Chess.com INT"]
[Date "2023.09.26"]
[Round "3.3"]
[White "Alekseev, Evgeny V"]
[Black "Tomashevsky, Evgeny"]
[Result "1-0"]
[WhiteElo "2573"]
[BlackElo "2694"]
[PlyCount "135"]
[EventDate "2023.09.25"]
[EventType "k.o. (rapid)"]
[EventRounds "7"]
[EventCountry "USA"]
[SourceTitle "EXT 2024"]
[Source "ChessBase"]
[SourceDate "2023.10.10"]
[SourceVersion "1"]
[SourceVersionDate "2023.10.10"]
[SourceQuality "1"]

1. Nf3 d5 2. e3 Nf6 3. c4 e6 4. Nc3 Be7 5. b3 0-0 6. Bb2 c5 7. cxd5 exd5 8. d4 Nc6 9. Bb5 Bg4 10. Bxc6 bxc6 11. dxc5 Bxc5 12. 0-0 Bd6 13. Ne2 Ne4 14. Ne5 Bxe5 15. Bxe5 Re8 16. Bb2 Qg5 17. Qe1 Bxe2 18. Qxe2 Re6 19. Rac1 Rae8 20. Bd4 Qh4 21. f3 Nd6 22. Bxa7 Nf5 23. Qf2 Qh5 24. Rfe1 Nh4 25. Kh1 Rh6 26. Bd4 Qg6 27. e4 dxe4 28. Rxe4 Rxe4 29. fxe4 Qd6 30. Be3 Rh5 31. g4 Re5 32. Qxh4 Qd3 33. Bf2 h5 34. Re1 Rxe4 35. Qg3 Rxe1+ 36. Bxe1 Qf1+ 37. Qg1 Qe2 38. h3 hxg4 39. hxg4 Qxa2 40. Qe3 Qb1 41. Kg2 f6 42. Bg3 Qc2+ 43. Bf2 Qb1 44. Kg3 Kh7 45. Qf3 Kg6 46. Bd4 Qc2 47. Bf2 c5 48. Qe3 c4 49. b4 c3 50. b5 Qb3 51. b6 Qb4 52. Qd3+ Kf7 53. Qd5+ Ke8 54. Qd4 Qb3 55. Qe3+ Kd7 56. Qd3+ Kc6 57. Bd4 Qb4 58. Bxc3 Qxb6 59. Qe4+ Kb5 60. Bd2 Qc6 61. Qd3+ Qc4 62. Qd7+ Qc6 63. Qd3+ Qc4 64. Qe3 Qc5 65. Kf2 Qxe3+ 66. Bxe3 Kc6 67. Kf3 Kd7 68. Kf4 1-0

[Event "AI Cup Div 3 W"]
[Site "Chess.com INT"]
[Date "2023.09.25"]
[Round "2.1"]
[White "Esipenko, Andrey"]
[Black "Tomashevsky, Evgeny"]
[Result "0-1"]
[WhiteElo "2683"]
[BlackElo "2694"]
[PlyCount "146"]
[EventDate "2023.09.25"]
[EventType "k.o. (rapid)"]
[EventRounds "7"]
[EventCountry "USA"]
[SourceTitle "EXT 2024"]
[Source "ChessBase"]
[SourceDate "2023.10.10"]
[SourceVersion "1"]
[SourceVersionDate "2023.10.10"]
[SourceQuality "1"]

1. e4 e5 2. Nf3 Nc6 3. Bc4 Bc5 4. d3 Nf6 5. Nc3 a6 6. Nd5 h6 7. Be3 d6 8. Bxc5 dxc5 9. a4 Be6 10. Ne3 Qe7 11. 0-0 Bxc4 12. Nxc4 b6 13. Ne3 g6 14. Nd2 0-0-0 15. f4 Rd7 16. Qf3 Nd4 17. Qf2 exf4 18. Nd5 Nxd5 19. exd5 Nxc2 20. Rac1 Ne3 21. Rfe1 g5 22. Nc4 Rxd5 23. a5 b5 24. Nxe3 fxe3 25. Rxe3 Qd6 26. Qxf7 Rf8 27. Qg7 Qf4 28. Ree1 Kb7 29. h3 Rxd3 30. Qxh6 Qd4+ 31. Kh1 Rf5 32. Qh7 Rd5 33. Re7 Rd7 34. Rxd7 Qxd7 35. Qxd7 Rxd7 36. Rxc5 Rd2 37. Rxg5 Rxb2 38. h4 Re2 39. h5 b4 40. h6 Re6 41. Rh5 b3 42. h7 b2 43. h8Q b1Q+ 44. Kh2 Re1 45. Rh3 Rh1+ 46. Kg3 Qe1+ 47. Kg4 Qe4+ 48. Kg3 Qe1+ 49. Kg4 Qe6+ 50. Kg5 Qd5+ 51. Kf4 Rb1 52. Rf3 Rb4+ 53. Kg3 Qg5+ 54. Kh3 Qxa5 55. Qe8 Qd5 56. Qe2 a5 57. Kh2 a4 58. Rd3 Qc6 59. Qe7 Qh6+ 60. Rh3 Qf4+ 61. Rg3 Qh4+ 62. Qxh4 Rxh4+ 63. Kg1 Kb6 64. Kf2 c5 65. Ke2 Rd4 66. Rg8 Kb5 67. g4 a3 68. Rb8+ Kc4 69. g5 a2 70. Ra8 Kb3 71. g6 Rg4 72. Rb8+ Kc3 73. Ra8 Rxg6 0-1

[Event "AI Cup Div 3 W"]
[Site "Chess.com INT"]
[Date "2023.09.25"]
[Round "2.2"]
[White "Tomashevsky, Evgeny"]
[Black "Esipenko, Andrey"]
[Result "1-0"]
[WhiteElo "2694"]
[BlackElo "2683"]
[PlyCount "71"]
[EventDate "2023.09.25"]
[EventType "k.o. (rapid)"]
[EventRounds "7"]
[EventCountry "USA"]
[SourceTitle "EXT 2024"]
[Source "ChessBase"]
[SourceDate "2023.10.10"]
[SourceVersion "1"]
[SourceVersionDate "2023.10.10"]
[SourceQuality "1"]

1. d4 Nf6 2. Nf3 e6 3. c4 d5 4. Nc3 c6 5. cxd5 exd5 6. Bg5 h6 7. Bh4 Nbd7 8. e3 g5 9. Bg3 Nh5 10. Bd3 Nxg3 11. hxg3 Bg7 12. Qc2 Qe7 13. 0-0-0 Nb6 14. Kb1 Be6 15. Rc1 0-0-0 16. Na4 Nxa4 17. Qxa4 Kb8 18. Rc3 Rc8 19. Rhc1 Qd7 20. Nd2 Bf5 21. Qc2 Bxd3 22. Qxd3 b6 23. R3c2 Rc7 24. Nf3 Qe6 25. Qb3 Ka8 26. Ne1 Rb8 27. Nd3 c5 28. Qb5 Qe4 29. a3 Rcb7 30. Ka2 cxd4 31. exd4 Bxd4 32. Nb4 Bc5 33. Re2 Qf5 34. Na6 Rd8 35. Re8 Qd7 36. Rce1 1-0

[Event "AI Cup Play In"]
[Site "Chess.com INT"]
[Date "2023.09.18"]
[Round "4"]
[White "Eljanov, Pavel"]
[Black "Tomashevsky, Evgeny"]
[Result "1-0"]
[WhiteElo "2695"]
[BlackElo "2694"]
[PlyCount "105"]
[EventDate "2023.09.18"]
[EventType "swiss (rapid)"]
[EventRounds "9"]
[EventCountry "USA"]
[SourceTitle "EXT 2024"]
[Source "ChessBase"]
[SourceDate "2023.10.10"]
[SourceVersion "1"]
[SourceVersionDate "2023.10.10"]
[SourceQuality "1"]

1. e4 e5 2. Nf3 Nc6 3. Nc3 Nf6 4. d4 exd4 5. Nxd4 Bb4 6. Nxc6 bxc6 7. Bd3 d5 8. exd5 0-0 9. 0-0 cxd5 10. h3 c6 11. Qf3 Bd6 12. Re1 Rb8 13. b3 h6 14. Bf4 Rb4 15. Bxd6 Qxd6 16. Qe3 d4 17. Ne4 dxe3 18. Nxd6 exf2+ 19. Kxf2 Be6 20. Rad1 Rd8 21. Bc4 Bd5 22. Nf5 Rd7 23. Re7 Bxc4 24. Rexd7 Nxd7 25. Rxd7 Be6 26. Ne7+ Kh7 27. Rxa7 c5 28. c4 Rb6 29. Rc7 Rd6 30. Ke3 Rd1 31. Rxc5 Rg1 32. Kf2 Rb1 33. Re5 g5 34. Re2 Kg7 35. Nc6 Kf6 36. Nd4 Bd7 37. c5 Rc1 38. Rc2 Rd1 39. Ke3 Ke5 40. Nf3+ Kd5 41. b4 Bb5 42. Rd2+ Rxd2 43. Nxd2 f5 44. g3 h5 45. Nf3 h4 46. gxh4 f4+ 47. Kd2 gxh4 48. Nxh4 Bd7 49. Ng6 Ke4 50. Nxf4 Kxf4 51. h4 Kg4 52. Ke3 Kxh4 53. Kf4 1-0